| 000 | 01570cab a22002535a 4500 | ||
|---|---|---|---|
| 001 | L145238 | ||
| 008 | 080917e20080913xxka f g 000 0 eng d | ||
| 035 | _a(Sirsi) u145238 | ||
| 041 | 0 | _aeng | |
| 100 | 1 | _aEdwards, Martin | |
| 245 | 0 | 2 | _aA winter's tale |
| 260 | _c2008 | ||
| 490 |
_aEstates Gazette _v(0836) 13 September 2008, 138-139(2) |
||
| 520 | _aArticle considers the complexities of the planning system during an economic downturn and advises against being too focused on previous downturns. Suggests that 'perceived wisdom' should be discounted, instead considering each case on its individual merits. The author also points out that the current period of economic flux may last for two or more years and that sitting on land with planning permission is not an option, as it is only granted for three year periods under Section 51 of the Planning and Compulsory Purchase Act 2004. Closes by positing that emerging core strategies may hinder future development plans, leading to an increase in delays and disputes and suggests vigilance on the part of developers to ensure that opportunities are not lost for key sites. | ||
| 590 | _aKA | ||
| 650 | 2 | 4 | _aPLANNING POLICY STATEMENT 12 |
| 650 | 2 | 4 | _aR (IN THE APPLICATION OF HART AGGREGATES LTD) V HARTLEPOOL BOROUGH COUNCIL |
| 650 | 2 | 4 | _aTOWN AND COUNTRY PLANNING ACT 1990 S73 |
| 650 | 2 | 4 | _aCOMMONS ACT 2006 S15 |
| 650 | 2 | 4 | _aPLANNING AND COMPULSORY PURCHASE ACT 2004 S51 |
| 651 | 4 |
_aEngland and Wales _y1543- |
|
| 690 | _aENVIRONMENTAL AND LAND CONSULTANCY-PLANNING AND DEVELOPMENT | ||
| 942 | _n0 | ||
| 999 |
_c80744 _d80744 |
||